[Event "Challenge"]
[Site "http://www.queenalice.com/game.php?id=606478"]
[Date "2009.6.20"]
[Round "-"]
[White "fkaugusto"]
[Black "oentusiasta"]
[Result "1-0"]
[WhiteElo "1997"]
[BlackElo "1845"]

1. e4 c5 2. Nf3 a6 3. c3 d5 4. exd5 Qxd5 5. d4 Nc6 6. dxc5 Qxc5 7. Be3 Qa5 8.
Na3 Ne5 9. Nxe5 Qxe5 10. Nc4 Qc7 11. Bb6 Qd7 12. Be2 Qxd1+ 13. Rxd1 Bd7 14. Ne5
Nf6 15. b4 e6 16. O-O Be7 17. Bf3 Bb5 18. c4 Ba4 19. Rd3 O-O 20. a3 g6 21. c5
Bb5 22. Rfd1 Bxd3 23. Rxd3 Kg7 24. Bxb7 Rab8 25. Bxa6 h5 26. Nc6 Rbe8 27. Nxe7
Rxe7 28. c6 Nd5 29. Bc5 Rc7 30. Bxf8+ Kxf8 31. Bb7 Nf4 32. Rd8+ Ke7 33. Rc8 Rxc8
34. Bxc8 Ne2+ 35. Kf1 Nd4 36. Bb7 Kd8 37. a4 f5 38. b5 Kc7 39. f4 Kb6 40. a5+
1-0

[Event "Challenge"]
[Site "http://www.queenalice.com/game.php?id=613199"]
[Date "2009.7.4"]
[Round "-"]
[White "Donyelko"]
[Black "fkaugusto"]
[Result "1/2-1/2"]
[WhiteElo "1993"]
[BlackElo "2023"]

1. e4 c5 2. Bc4 Nc6 3. Nf3 e6 4. d4 cxd4 5. Nxd4 d5 6. Nxc6 bxc6 7. exd5 exd5 8.
Bd3 Bb4+ 9. c3 Qe7+ 10. Qe2 Qxe2+ 11. Bxe2 Bd6 12. O-O h6 13. Re1 Be6 14. Bg4
Kd7 15. Bxe6+ fxe6 16. Be3 Ne7 17. Nd2 Nf5 18. Nf1 g5 19. Rad1 Rhf8 20. b4 Rfb8
21. a4 a5 22. bxa5 Rxa5 23. Ra1 Be5 24. Bd2 Rba8 25. Rxe5 Rxa4 26. Rxa4 Rxa4 27.
g3 Nd6 28. Re1 Ne4 29. f3 Nxd2 30. Nxd2 Ra2 31. Rd1 Rc2 32. Nb1 e5 33. h3 h5 34.
g4 h4 35. Re1 Kd6 36. Rd1 Ke6 37. Re1 Kf6 38. Rf1 e4 39. fxe4+ Ke5 40. exd5 cxd5
41. Rf5+ Ke4 42. Na3 Rxc3 43. Nb5 Rxh3 44. Rxg5 Kf4 45. Rxd5 Kxg4 46. Nd6 Rc3
1/2-1/2

[Event "Desafio #1"]
[Site "http://www.queenalice.com/game.php?id=615959"]
[Date "2009.7.9"]
[Round "-"]
[White "Aylton"]
[Black "fkaugusto"]
[Result "0-1"]
[WhiteElo "1949"]
[BlackElo "1937"]

1. d4 Nf6 2. Nf3 g6 3. c4 Bg7 4. Nc3 d6 5. e3 O-O 6. Be2 Nbd7 7. O-O e5 8. h3
Re8 9. dxe5 dxe5 10. b3 Qe7 11. Bb2 e4 12. Nd4 a6 13. Rc1 c5 14. Nc2 Ne5 15. f4
Rd8 16. Qe1 Nd3 17. Bxd3 exd3 18. Qd2 dxc2 19. Qxc2 Qxe3+ 20. Kh1 Rd2 0-1

[Event "Desafio #2"]
[Site "http://www.queenalice.com/game.php?id=615960"]
[Date "2009.7.9"]
[Round "-"]
[White "fkaugusto"]
[Black "Aylton"]
[Result "1-0"]
[WhiteElo "1953"]
[BlackElo "1910"]

1. e4 c5 2. Nf3 Nc6 3. d4 cxd4 4. Nxd4 e5 5. Nb5 d6 6. N1c3 a6 7. Na3 b5 8. Nd5
Nge7 9. c4 Nd4 10. cxb5 Nxd5 11. exd5 Bd7 12. Be3 Nxb5 13. Nc4 Rb8 14. a4 Nc7
15. Qd2 f5 16. Bb6 Qc8 17. Qa5 Rb7 18. Rc1 e4 19. Be2 Be7 20. O-O O-O 21. f3
exf3 22. Bxf3 g6 23. Ne5 dxe5 24. d6 Bxd6 25. Bxb7 Qxb7 26. Bxc7 Qb4 27. Qd5+
1-0

[Event "Challenge"]
[Site "http://www.queenalice.com/game.php?id=616949"]
[Date "2009.7.11"]
[Round "-"]
[White "fkaugusto"]
[Black "axedre"]
[Result "1/2-1/2"]
[WhiteElo "2035"]
[BlackElo "1910"]

1. e4 e5 2. Nf3 Nc6 3. Bb5 Bc5 4. c3 f5 5. d4 exd4 6. e5 a6 7. Ba4 b5 8. Bc2 d6
9. cxd4 Bb4+ 10. Bd2 Bxd2+ 11. Qxd2 dxe5 12. Nxe5 Nxe5 13. dxe5 Be6 14. O-O Nh6
15. Qb4 Kf7 16. Qc5 Re8 17. Rd1 Qb8 18. Nd2 Qb6 19. Qxb6 cxb6 20. Bb3 Bxb3 21.
Nxb3 Rxe5 22. Nd4 Ng4 23. Rac1 Rae8 24. h3 Nf6 25. Nf3 Re2 26. Rd2 Rxd2 27. Nxd2
Re2 28. Rc2 Kg6 29. Kf1 Re6 30. Nf3 Kh5 31. Nd4 Re5 32. Rc6 Nd5 33. Ne6 g6 34.
Rd6 Nb4 35. Rxb6 Nd3 36. g3 Re1+ 37. Kg2 Re2 38. Kf3 Rxb2 39. Ng7+ Kh6 40. Nxf5+
Kg5 41. g4 gxf5 42. Rxa6 fxg4+ 43. hxg4 Nxf2 44. a4 Nxg4 45. Ra5 Ne5+ 46. Kg3 h5
1/2-1/2

[Event "Challenge"]
[Site "http://www.queenalice.com/game.php?id=616950"]
[Date "2009.7.11"]
[Round "-"]
[White "axedre"]
[Black "fkaugusto"]
[Result "0-1"]
[WhiteElo "1951"]
[BlackElo "2034"]

1. e4 c5 2. Nc3 Nc6 3. g3 g6 4. Bg2 Bg7 5. d3 d6 6. f4 Nf6 7. Nf3 O-O 8. O-O Rb8
9. h3 b5 10. Be3 b4 11. Ne2 Bb7 12. e5 Nd5 13. Qd2 dxe5 14. Bxc5 exf4 15. Nxf4
Bxb2 16. Rab1 Bc3 17. Qc1 Qa5 18. Bf2 Qxa2 19. Nxd5 Qxd5 20. Qh6 Nd4 21. Bxd4
Bxd4+ 22. Kh1 a5 23. c4 bxc3 24. Rxb7 Rxb7 25. Ng5 Qxg5 26. Qxg5 Ra7 27. Qd5 e5
28. Qc4 a4 29. Qa2 a3 0-1

[Event "Challenge"]
[Site "http://www.queenalice.com/game.php?id=618870"]
[Date "2009.7.14"]
[Round "-"]
[White "ensito"]
[Black "fkaugusto"]
[Result "0-1"]
[WhiteElo "1692"]
[BlackElo "2022"]

1. e4 c5 2. Nf3 Nc6 3. c3 d5 4. e5 Bg4 5. Be2 e6 6. O-O Bxf3 7. Bxf3 Nxe5 8. d4
Nxf3+ 9. Qxf3 Nf6 10. Bg5 Be7 11. dxc5 Ne4 12. Bxe7 Qxe7 13. b4 a5 14. Rd1 Qg5
15. a3 Qe5 16. Ra2 O-O 17. Re2 axb4 18. cxb4 Qa1 19. Qd3 g6 20. f3 Nf6 21. Qb3
Nd7 22. Nc3 Qxa3 23. Qxa3 Rxa3 24. Nb5 Rb3 25. Rd4 Nxc5 26. bxc5 Rxb5 27. Rc2
Rc8 28. Rd1 Rbxc5 29. Rxc5 Rxc5 30. h3 Rc8 31. Rb1 Rb8 32. Kf2 b5 33. Ke3 e5 34.
f4 f6 35. g3 b4 36. fxe5 fxe5 37. Kd3 Kf7 38. Rb2 Ke6 39. Ke3 Kd6 40. Kd3 e4+
41. Kd4 b3 42. Ke3 Ke5 43. g4 d4+ 0-1

[Event "Desafio #1"]
[Site "http://www.queenalice.com/game.php?id=634543"]
[Date "2009.8.11"]
[Round "-"]
[White "Aylton"]
[Black "fkaugusto"]
[Result "1/2-1/2"]
[WhiteElo "2020"]
[BlackElo "2023"]

1. d4 Nf6 2. Nf3 g6 3. e3 Bg7 4. c4 O-O 5. Nc3 d6 6. h3 c5 7. a3 Nbd7 8. Be2 b6
9. b3 Bb7 10. Bb2 cxd4 11. exd4 d5 12. O-O e6 13. Qc2 Qc7 14. Nb5 Qc6 15. Ne5
Nxe5 16. dxe5 Nd7 17. f4 Nc5 18. Nd4 Qc7 19. cxd5 Bxd5 20. b4 f6 21. bxc5 fxe5
22. cxb6 Qxb6 23. fxe5 Bxe5 24. Rxf8+ Rxf8 25. Qd2 Bf4 26. Qb4 Be3+ 27. Kh1
Bxg2+ 28. Kxg2 Rf2+ 29. Kh1 Bxd4 30. Qxb6 Bxb6 31. Bc4 Rxb2 32. Bxe6+ Kg7 33. a4
Re2 34. Bd7 Bf2 35. Bb5 Re1+ 36. Rxe1 1/2-1/2

[Event "Desafio #2"]
[Site "http://www.queenalice.com/game.php?id=634544"]
[Date "2009.8.11"]
[Round "-"]
[White "fkaugusto"]
[Black "Aylton"]
[Result "1-0"]
[WhiteElo "2007"]
[BlackElo "2011"]

1. e4 c5 2. Nf3 Nc6 3. d4 cxd4 4. Nxd4 e5 5. Nb5 d6 6. c4 a6 7. N5c3 f5 8. Bd3
fxe4 9. Bxe4 Nf6 10. Bg5 Be7 11. Bxf6 Bxf6 12. Nd5 O-O 13. Nbc3 Nd4 14. O-O Rb8
15. Ne2 Nxe2+ 16. Qxe2 b5 17. b3 bxc4 18. Qxc4 Kh8 19. Qd3 h6 20. Qg3 g5 21.
Rac1 Rf7 22. h4 Kg7 23. h5 Qa5 24. Qd3 Qb5 25. Qc2 Bb7 26. Bh7 Qxd5 27. Qg6+ Kf8
28. Qg8+ Ke7 29. Rc7+ Ke6 30. Qxf7# 1-0

[Event "Desafio #1"]
[Site "http://www.queenalice.com/game.php?id=643665"]
[Date "2009.8.28"]
[Round "-"]
[White "fkaugusto"]
[Black "luciopac"]
[Result "1/2-1/2"]
[WhiteElo "2027"]
[BlackElo "2041"]

1. e4 d5 2. exd5 Qxd5 3. Nc3 Qa5 4. d4 c6 5. Nf3 Bg4 6. h3 Bh5 7. Bc4 e6 8. Bd2
Qc7 9. Qe2 Nf6 10. O-O-O Bxf3 11. Qxf3 Nbd7 12. Rhe1 O-O-O 13. Ne4 Nxe4 14. Qxe4
Nf6 15. Qf3 Rxd4 16. Bb3 Rd7 17. Bc3 Nd5 18. Be5 Bd6 19. Bxd6 Rxd6 20. c4 Nf6
21. g4 h6 22. h4 Rhd8 23. g5 hxg5 24. hxg5 Rxd1+ 25. Rxd1 Rxd1+ 26. Bxd1 Ne8 27.
c5 f6 28. Qe4 Kd7 29. Bh5 Qe5 30. Qxe5 fxe5 31. Bxe8+ Kxe8 32. Kd2 Kf7 33. Ke3
Kg6 34. Ke4 Kxg5 35. Kxe5 b6 36. b4 Kg4 37. Kxe6 g5 38. Kd6 Kf3 39. Kxc6 1/2-1/2

[Event "Desafio #2"]
[Site "http://www.queenalice.com/game.php?id=643667"]
[Date "2009.8.28"]
[Round "-"]
[White "luciopac"]
[Black "fkaugusto"]
[Result "1-0"]
[WhiteElo "2143"]
[BlackElo "2047"]

1. e4 c5 2. Nf3 Nc6 3. d4 cxd4 4. Nxd4 Nf6 5. Nc3 d6 6. Be2 g6 7. Be3 Bg7 8. O-O
O-O 9. Nb3 Be6 10. f4 Rc8 11. f5 Bd7 12. fxg6 fxg6 13. Bg5 Ne5 14. Nd5 Be6 15.
Nd4 Bxd5 16. exd5 Nxd5 17. Ne6 Qb6+ 18. Kh1 Rxf1+ 19. Bxf1 Qxb2 20. Rc1 Nc3 21.
Qe1 Bf6 22. Qh4 Nf7 23. Re1 Bxg5 24. Nxg5 Nxg5 25. Qxg5 Qxc2 26. Qxe7 Qxa2 27.
Qxb7 Rf8 28. Qc7 Ne2 29. Qxd6 Rf2 30. Qd8+ Kg7 31. Qe7+ Qf7 32. Qxf7+ Rxf7 33.
Bxe2 Re7 34. Kg1 a5 35. Kf2 Kf6 36. Ra1 Re5 37. Ra4 Ke6 38. Bc4+ Kd6 39. Kf3
Rf5+ 40. Ke4 Rh5 41. h3 Rh4+ 42. Kd3 Rh5 43. Bb3 Rg5 44. Ra2 Rf5 45. Bg8 h6 46.
Bh7 Rd5+ 47. Ke3 Re5+ 48. Kf4 Rf5+ 49. Kg3 Rf7 50. Rxa5 Rxh7 51. Ra6+ Ke5 52.
Rxg6 Kf5 53. Rg8 Kf6 54. Kf4 Rg7 55. Rxg7 Kxg7 56. Kf5 Kf7 57. h4 Kg7 58. h5 Kf7
59. g3 Kg7 60. Ke6 Kg8 61. Kf6 Kh7 62. Kf7 Kh8 63. Kg6 Kg8 64. Kxh6 Kh8 65. Kg6
Kg8 66. g4 Kh8 67. Kf7 Kh7 68. g5 Kh8 69. Kf8 Kh7 70. g6+ 1-0

[Event "Desafio #1"]
[Site "http://www.queenalice.com/game.php?id=647581"]
[Date "2009.9.5"]
[Round "-"]
[White "fkaugusto"]
[Black "raymundo"]
[Result "1-0"]
[WhiteElo "2028"]
[BlackElo "1788"]

1. e4 c5 2. Nf3 d6 3. d4 cxd4 4. Nxd4 Nf6 5. Nc3 a6 6. Bg5 e5 7. Nf5 Bxf5 8.
exf5 Be7 9. Bc4 O-O 10. Qf3 Nc6 11. Bxf6 Bxf6 12. Nd5 b5 13. Nxf6+ Qxf6 14. Bd5
Rac8 15. Bxc6 h6 16. c3 Rc7 17. O-O Rfc8 18. Bb7 Rb8 19. Bd5 Rc5 20. Qe4 Qg5 21.
Rfd1 Rf8 22. Bb7 a5 23. Rxd6 Qf4 24. Qxf4 exf4 25. Rad1 Re5 26. R6d5 Rfe8 27. g3
fxg3 28. hxg3 Re1+ 29. Rxe1 Rxe1+ 30. Kg2 b4 31. cxb4 axb4 32. Rb5 Re2 33. Rxb4
Kh7 34. a4 g5 35. Be4 Kg7 36. a5 h5 37. a6 Re1 38. a7 Ra1 39. a8=Q Rxa8 40. Bxa8
h4 41. g4 f6 42. Rc4 Kf7 43. Re4 Kg7 44. b4 Kf7 45. b5 h3+ 46. Kxh3 Kg7 47. b6
Kh6 48. b7 Kg7 49. b8=Q 1-0

[Event "Desafio #2"]
[Site "http://www.queenalice.com/game.php?id=647582"]
[Date "2009.9.5"]
[Round "-"]
[White "raymundo"]
[Black "fkaugusto"]
[Result "0-1"]
[WhiteElo "1844"]
[BlackElo "2019"]

1. c4 c5 2. Nc3 Nc6 3. g3 g6 4. Bg2 Bg7 5. Nf3 Nf6 6. O-O O-O 7. e3 d6 8. d4 Bg4
9. Qd3 Rc8 10. Nd2 Nb4 11. Qb1 cxd4 12. exd4 Bf5 13. Nde4 Rxc4 14. Nb5 Qb6 15.
a4 d5 16. b3 Rxc1 17. Qxc1 dxe4 18. Qc4 Nfd5 19. Rfc1 Rc8 20. Qe2 Rxc1+ 21. Rxc1
a6 22. Na3 Qxd4 23. Qc4 Qb2 24. Nb1 Bd4 25. Rf1 e3 26. Kh1 Bd3 27. Qc8+ Kg7 28.
Rg1 exf2 29. Rd1 f1=Q+ 30. Bxf1 Be4+ 0-1

[Event "QA-ANNIV-05"]
[Site "http://www.queenalice.com/game.php?id=654452"]
[Date "2009.9.18"]
[Round "2"]
[White "WeirdGoblin"]
[Black "fkaugusto"]
[Result "1-0"]
[WhiteElo "2214"]
[BlackElo "2028"]

1. e4 c5 2. Nf3 Nc6 3. Nc3 Nf6 4. d4 cxd4 5. Nxd4 d6 6. Bg5 e6 7. Qd2 a6 8.
O-O-O Bd7 9. Kb1 Be7 10. Nb3 b5 11. Bxf6 gxf6 12. Bd3 Ne5 13. f4 Nxd3 14. Qxd3
b4 15. Ne2 Bb5 16. Qf3 Rg8 17. e5 d5 18. exf6 Bxf6 19. f5 Bxe2 20. Qxe2 e5 21.
h4 Qd7 22. g4 e4 23. g5 Be5 24. Rhe1 a5 25. Qh5 Qxf5 26. Rxd5 Qe6 27. Qxh7 Qxd5
28. Qxg8+ Ke7 29. Qh7 a4 30. Qxe4 Qxe4 31. Rxe4 axb3 32. Rxe5+ Kd6 33. Rb5 bxa2+
34. Ka1 1-0

[Event "Challenge"]
[Site "http://www.queenalice.com/game.php?id=658439"]
[Date "2009.9.26"]
[Round "-"]
[White "li2carpio"]
[Black "fkaugusto"]
[Result "0-1"]
[WhiteElo "1964"]
[BlackElo "2030"]

1. e4 e5 2. Nf3 Nc6 3. Bc4 Bc5 4. O-O Nf6 5. d3 d6 6. h3 h6 7. Be3 Bxe3 8. fxe3
O-O 9. Qe1 Be6 10. Bb3 Bxb3 11. axb3 Ne7 12. Nbd2 d5 13. exd5 Nexd5 14. e4 Nb4
15. Qd1 b5 16. Nxe5 Qd4+ 17. Kh1 Qxe5 18. Rc1 Qxb2 19. Nf3 Qc3 20. Qe2 Nh5 21.
Qf2 Qf6 22. Qe1 Nc6 23. c3 Ne5 24. Nxe5 Qxe5 25. Rf3 c5 26. Kg1 Nf6 27. Kh1 a5
28. Rf5 Qc7 29. Qe3 Rfd8 30. Rxc5 Rxd3 31. Qxd3 Qxc5 32. Re1 Qf2 33. Rf1 Nxe4
34. Rd1 Re8 35. Rg1 Qg3 36. Qxg3 Nxg3+ 37. Kh2 Re3 38. Rc1 Ne2 39. Rc2 Nxc3 0-1

[Event "Challenge"]
[Site "http://www.queenalice.com/game.php?id=659158"]
[Date "2009.9.27"]
[Round "-"]
[White "fkaugusto"]
[Black "thedead"]
[Result "1-0"]
[WhiteElo "2025"]
[BlackElo "1442"]

1. e4 e5 2. Nf3 Nc6 3. Bb5 a6 4. Ba4 Nf6 5. O-O b5 6. Bb3 Be7 7. Re1 d6 8. c3
O-O 9. h3 h6 10. d4 exd4 11. cxd4 Na5 12. Bc2 Be6 13. Bf4 Nh5 14. Bh2 c5 15. Nc3
Re8 16. dxc5 dxc5 17. Nd5 Nf6 18. Bc7 1-0

[Event "Challenge 1"]
[Site "http://www.queenalice.com/game.php?id=690328"]
[Date "2009.11.29"]
[Round "-"]
[White "fkaugusto"]
[Black "yclaudiu35"]
[Result "1-0"]
[WhiteElo "2019"]
[BlackElo "1688"]

1. e4 e5 2. Nf3 Nc6 3. Bb5 d6 4. d4 exd4 5. Qxd4 Bg4 6. Bxc6+ bxc6 7. Qd3 Bxf3
8. Qxf3 Qf6 9. Qd3 Nh6 10. Qc4 Kd7 11. O-O Ng8 12. Nc3 Ne7 13. Rd1 Ng6 14. Be3
Ne5 15. Qa4 Be7 16. Bd4 Qg5 17. Nd5 Nf3+ 18. Kh1 Nxd4 19. Rxd4 Rhb8 20. b4 Qe5
21. c3 Rb5 22. f4 Qf6 23. Nxf6+ gxf6 24. c4 1-0

[Event "Challenge 2"]
[Site "http://www.queenalice.com/game.php?id=690329"]
[Date "2009.11.29"]
[Round "-"]
[White "yclaudiu35"]
[Black "fkaugusto"]
[Result "0-1"]
[WhiteElo "1645"]
[BlackElo "2017"]

1. e4 Nc6 2. Bc4 e5 3. c3 Nf6 4. d3 d5 5. exd5 Nxd5 6. Bxd5 Qxd5 7. Nf3 Bg4 8.
c4 Qe6 9. h3 e4 10. hxg4 exf3+ 11. Kf1 fxg2+ 12. Kxg2 O-O-O 13. Bf4 Rd4 14. Kg3
Bd6 15. Bxd6 cxd6 16. Re1 Qg6 17. Re3 Ne5 18. f3 h5 19. Nc3 hxg4 20. f4 Rh3+ 21.
Kf2 Rxf4+ 0-1

[Event "Challenge"]
[Site "http://www.queenalice.com/game.php?id=700326"]
[Date "2009.12.19"]
[Round "-"]
[White "fkaugusto"]
[Black "falekhine"]
[Result "0-1"]
[WhiteElo "2043"]
[BlackElo "2005"]

1. e4 c6 2. d4 d5 3. Nc3 dxe4 4. Nxe4 Nf6 5. Nxf6+ exf6 6. Bc4 Bd6 7. Nf3 Bg4 8.
h3 Bh5 9. Qe2+ Be7 10. Be3 O-O 11. O-O-O Re8 12. Qd3 Bg6 13. Qe2 Nd7 14. Nh4 b5
15. Nxg6 bxc4 16. Nxe7+ Rxe7 17. Qxc4 Rc8 18. Qc5 Nxc5 19. dxc5 Qa5 0-1

[Event "Challenge 2"]
[Site "http://www.queenalice.com/game.php?id=700327"]
[Date "2009.12.19"]
[Round "-"]
[White "falekhine"]
[Black "fkaugusto"]
[Result "1-0"]
[WhiteElo "2075"]
[BlackElo "2022"]

1. d4 Nf6 2. c4 g6 3. Nc3 d5 4. e3 Bg7 5. cxd5 Nxd5 6. Bd3 Nxc3 7. bxc3 c5 8.
Ne2 O-O 9. O-O cxd4 10. cxd4 e5 11. Bb2 Nc6 12. Bb5 exd4 13. Bxc6 bxc6 14. Bxd4
Ba6 15. Re1 Bxd4 16. Nxd4 c5 17. Nb3 c4 18. Nd4 Qd7 19. Qf3 Rab8 20. Qf6 Rb6 21.
Qg5 Bb7 22. h4 Qd5 23. Qg3 Rb2 24. Red1 Rd8 25. Nf3 Qxd1+ 26. Rxd1 Rxd1+ 27. Kh2
Bxf3 28. Qxf3 Rd8 29. Qf6 Rc8 30. Qxb2 c3 31. Qc2 a5 32. g4 Kg7 33. f4 Kf6 34.
Kg3 Ke6 35. e4 a4 36. a3 h5 37. gxh5 gxh5 38. Kf3 f6 39. Ke2 Ke7 40. Kd3 Kd6 41.
Qxa4 c2 42. Qa6+ Rc6 43. Qxc6+ Kxc6 44. Kxc2 1-0